| 000 | 00458pab a2200157 454500 | ||
|---|---|---|---|
| 008 | 180718b2000 xxu||||| |||| 00| 0 eng d | ||
| 100 | _aCalvo, Gullermo A. | ||
| 245 | _aCapital markets crises and economic collapse in emerging markets: an informational-frictions approach | ||
| 260 | _c2000 | ||
| 300 | _ap.59-64 | ||
| 362 | _aMay | ||
| 650 | _aFinancial markets | ||
| 700 | _aMendoza, Enrique G. | ||
| 773 | _aAmerican Economic Review | ||
| 909 | _a45334 | ||
| 999 |
_c45334 _d45334 |
||